Statistics for Delhi Airport (DEL) Destinations

Click here to take the quiz!

General Stats

  • This quiz has been taken 454 times
    (387 since last reset)
  • The average score is 68 of 131

Answer Stats

HintAnswer% Correct
Air China, China EasternBeijing
90%
Air India, Air India Express, Emirates, flyDubai, IndoGo, Jet Airways, SpiceJetDubai
90%
Air India, British Airways, Jet Airways, Virgin AtlanticLondon-Heathrow
90%
Air India. Alliance Air, GoAir, IndiGo, Jet Airways, SpiceJet, VistaraMumbai
89%
Air France, Air IndiaParis-Charles de Gaulle
88%
Air India, All Nippon Airways, Japan AirlinesTokyo-Narita
88%
Air India, China EasternShanghai-Pudong
87%
Air India, Jet Aiwrays, SpiceJet, Thai Air, Thai SmileBangkok-Suvarnabhumi
86%
Air India Express, Eithad Airways, Jet AirwaysAbu Dhabi
85%
Air IndiaNew York
85%
Air India, AirAsia India, GoAir, IndiGo, Jet Airways, SpiceJet, Vistara, Zoom AirKolkata
84%
Air India, GoAir, IndiGo, Jet Airways, SpiceJet, VistaraChennai
83%
Air IndiaMoscow-Domodedovo
83%
AeroflotMoscow-Sheremetyevo
83%
Air India, Air India Express, Jet Airways, Singapore AirSingapore
82%
IndiGo, Jet Airways, Qatar AirDoha
81%
Air Canada, Jet AirwaysToronto-Pearson
81%
Air India, SriLankan AirColombo
80%
Turkish AirIstanbul
80%
Air India, Jet Airways, SaudiaRiyadh
80%
Air India, Asiana Air, Korean AirSeoul-Incheon
80%
Air India, IndiGo, Jet Airways, SpiceJet, VistaraHyderabad
79%
Air India, Cathay Pacific, Jet AirwaysHong Kong
78%
AirAsia X, Malaysia Air, Malindo Air,Kuala Lumpur
78%
Ethiopian AirlinesAddis Ababa
77%
Air India, AirAsia India, GoAir, IndiGo, Jet Airways, SpiceJet, VistaraBangalore
77%
Air India, LufthansaFrankfurt
77%
Air India, Bhutan Air, Druk Air, IndiGo, Jet Airways, Nepal AirKathmandu
77%
Iraqi AirBaghdad
76%
Kuwait AirKuwait
76%
Air India, AlitaliaRome
76%
Jet Airways, KLMAmsterdam
75%
Air IndiaSydney
75%
FinnairHelsinki
74%
Swiss AirZurich
74%
Air India, GoAir, IndiGo, Jet Airways, SpiceJet, VistaraAhmedabad
73%
Air India, Jet Airways, Oman AirMuscat
73%
Air India Express, Mahan AirTehran
73%
China SouthernGuangzhou
72%
Air India, SaudiaJeddah
72%
Air India, Ariana Afghan Air, Kam Air, Safi Air, SpiceJetKabul
72%
Uzbekistan AirTashkent
71%
Air India Express, Jet AirwaysDhaka
70%
Air IndiaMadrid
69%
Air CanadaVancouver
69%
Air India, AirAsia India, GoAir, IndiGo, Jet Airways, SpiceJet, VistaraPune
68%
Air India, IndiGo, Jet Airways, SpiceJetJaipur
67%
Air IndiaLos Angeles
67%
Air IndiaChicago-O'hare
66%
Air IndiaSan Francisco
66%
Air India, Gulf AirBahrain
64%
Air IndiaMelbourne
64%
Air IndiaOsaka-Kansai
62%
Air AstanaAlmaty
61%
Air India, GoAir, IndiGo, Jet Airways, VistaraLucknow
60%
Air IndiaMilan-Malpensa
60%
Thai SmilePhuket
60%
Turkmenistan AirAshgabat
59%
Air IndiaTel Aviv
59%
Air IndiaMale
58%
China AirlinesTaipei-Taoyuan
57%
Air IndiaWashington-Dulles
57%
Air IndiaStockholm-Arlanda
56%
Air India, AirAsia India, GoAir, IndiGo, SpiceJet, VistaraGoa
55%
Air MauritiusMauritius
55%
Air India, GoAir, IndiGo, Jet Airways, SpiceJet, VistaraKochi
54%
SaudiaMedina
54%
Tajik AirDushanbe
53%
Air India, IndiGo, Jet Airways, SpiceJet, VistaraAmritsar
52%
Air India, GoAir, IndiGoNagpur
51%
Air India, Alliance Air, SpiceJetSurat
51%
Air ManasBishkek
49%
Air India, UnitedNewark
49%
Air India, GoAir, IndiGo, Jet Airways, SpiceJetPatna
49%
Air India ExpressCopenhagen
48%
Air IndiaAgra
47%
Air ArabiaSharjah
46%
Air India, Jet AirwaysBhopal
45%
Air India, IndiGo, Jet AirwaysIndore
45%
Air India, IndiGo, Jet Airways, SpiceJetVaranasi
45%
Air India, AirAsia India, GoAir, IndiGo, Jet Airways, SpiceJet, VistaraSrinagar
44%
Air IndiaYangon
44%
Air India, Alliance Air, IndiGo, Jet Airways, SpiceJet, VistaraChandigarh
43%
Air India, AirAsia India, GoAir, IndiGo, Jet Airways, SpiceJet, VistaraGuwahati
43%
Air IndiaBirmingham
41%
Air IndiaVienna
40%
Air India, Air India Express, IndiGoCoimbatore
39%
Air India, Jet AirwaysJodhpur
38%
Bhutan Air, Druk AirParo
37%
Air India, AirAsia India, GoAir, IndiGo, VistaraRanchi
37%
Alliance Air, IndiGo, Jet Airways, SpiceJetDehradun
34%
Jet AirwaysMangaluru
34%
Alliance AirRajkot
34%
Air India, IndiGo, Jet Airways, SpiceJetUdaipur
34%
Iraqi AirBasra
33%
Air India Express, IndiGo, Jet Airways, SpiceJetMadurai
33%
Air India, Jet Airways, IndiGoRaipur
33%
Air India. Alliance Air, GoAir, IndiGo, SpiceJet, VistaraJammu
32%
Air India, Jet AirwaysDammam
31%
Shandong AirlinesKunming
31%
Air India, Alliance Air, GoAir, Jet Airways, SpiceJet, VistaraPort Blair
30%
Air India, IndiGo, Jet AirwaysThiruvananthapuram
30%
Alliance AirAllahabad
29%
Ariana Afghan AirlinesKandahar
29%
Air India, GoAir, Jet Airways, VistaraLeh
28%
Air India, IndiGoVadodara
26%
Air India, Alliance Air, IndoGo, VistaraBhubaneswar
25%
Air India, AirAsia India, IndiGo, SpiceJetVisakhapatnam
25%
Air IndiaAurangabad
24%
Air India, IndiGoKozhikode
24%
Air India, AirAsia India, GoAir, IndiGo, Jet Airways, SpiceJet, VistaraBagdogra
23%
Air India, AirAsia India, IndiGo, Jet AirwaysImphal
22%
IndiGoAgartala
21%
Air IndiaVijayawada
21%
Air IndiaGaya
20%
Alliance AirGwalior
20%
Air India, Alliance Air, SpiceJet, Zoom AirJabalpur
20%
Mahan AirMashhad
20%
Shandong AirlinesQingdao
17%
IndiGoDibrugarh
14%
Alliance AirGorakhpur
14%
Shandong AirlinesJinan
14%
Alliance AirKullu
12%
Jet AirwaysAizwal
11%
Air IndiaTirupati
10%
IndiGoDimapur
8%
Zoom AirDurgapur
6%
Air India, Jet AirwaysKhajuraho
6%
Alliance AirPantnagar
6%
Alliance AirShimlah
6%
Alliance AirDharmasala
4%

Score Distribution

Percentile by Number Answered

Percent of People with Each Score

Your Score History

You have not taken this quiz since the last reset